000 002820000a22000970004500
100 1 _aGóngora, Alvin
245 1 0 _aFe desde la violencia : Tres lecciones desde Colombia
300 _aVol. 19, Num 1 y 2 (Enero-Junio, 2000), Páginas 44-47
773 0 _tIglesia y Misión
942 _cANA
999 _c52437
_d52437